Química orgánica

Bibliographic Details
Main Author: Wade, L. G.
Format: Section = Libro
Language:Undetermined
Spanish
Published: Madrid McGraw-Hill 1993
Subjects:
LEADER 00550nam a2200205Ia 4500
008 240830s9999 xx 000 0 und d
020 |a 968-880-245-X 
040 |a CEDOC FIQ-RUSB / 547 W119 
041 |a spa 
082 |a 547 W119 
100 1 |a Wade, L. G. 
245 1 0 |a Química orgánica 
260 |a Madrid  |b McGraw-Hill  |c 1993 
300 |a 1312 p. : il. 
650 7 |a QUÍMICA ORGÁNICA 
650 7 |b  REACCIONES QUÍMICAS. 3 ESTEREOQUÍMICA 
650 7 |c  MECANISMOS DE REACCIONES QUÍMICAS 
942 |c BK  |2 ddc 
991 |a TEXTO 
999 |c 27101